[Event "8. Nordic Cup"]
[Site "Gluecksburg"]
[Date "1977.??.??"]
[Round "1.1"]
[White "Dueball, Juergen "]
[Black "Rath, Ulrik "]
[Result "1/2-1/2"]
[WhiteElo "2450"]
[BlackElo "2420"]
[PlyCount "63"]
[EventDate "1977.??.??"]
[EventType "team"]
[EventCountry "GER"]
[WhiteTeam "Vesttyskland"]
[BlackTeam "Danmark"]
[WhiteTeamCountry "GER"]
[BlackTeamCountry "DEN"]

1. e4 c5 2. Nf3 e6 3. d4 cxd4 4. Nxd4 Nc6 5. Nc3 a6 6. g3 d6 7. Bg2 Bd7 8. O-O
Nf6 9. Re1 Be7 10. Nxc6 Bxc6 11. a4 O-O 12. Be3 Qc7 13. a5 Rac8 14. Bb6 Qb8 15.
Nd5 exd5 16. exd5 Nxd5 17. Bxd5 Bd8 18. Bxd8 Rcxd8 19. Ra3 Qc7 20. Rc3 Qxa5 21.
Bxc6 bxc6 22. Rxc6 Qb5 23. Rxd6 Rxd6 24. Qxd6 Qxb2 25. c4 a5 26. c5 Qb4 27. Rd1
g6 28. c6 Qxd6 29. Rxd6 Rc8 30. Rd5 a4 31. Ra5 Rxc6 32. Rxa4 1/2-1/2

[Event "8. Nordic Cup"]
[Site "Gluecksburg"]
[Date "1977.??.??"]
[Round "1.3"]
[White "Borik, Otto"]
[Black "Bang, Erik "]
[Result "1-0"]
[WhiteElo "2400"]
[BlackElo "2275"]
[PlyCount "145"]
[EventDate "1977.??.??"]
[EventType "team"]
[EventCountry "GER"]
[WhiteTeam "Vesttyskland"]
[BlackTeam "Danmark"]
[WhiteTeamCountry "GER"]
[BlackTeamCountry "DEN"]

1. e4 e5 2. Nf3 Nc6 3. Bb5 Nf6 4. O-O d6 5. Re1 Bd7 6. d4 Be7 7. c3 O-O 8. Nbd2
Nxd4 9. cxd4 Bxb5 10. Qb3 a6 11. a4 Bc6 12. dxe5 Nd7 13. exd6 Bxd6 14. Nd4 Nc5
15. Qc3 Bd7 16. e5 Re8 17. N2f3 Bf8 18. Bg5 Qc8 19. a5 Ne6 20. Rac1 c5 21. Nxe6
Rxe6 22. Be3 Bc6 23. Bxc5 Rg6 24. Nh4 Rg4 25. Bxf8 Rxh4 26. Be7 Rh6 27. f3 Qf5
28. Qc2 Qf4 29. h4 Re6 30. Bg5 Qd4+ 31. Qf2 Qb4 32. Qd2 Qxd2 33. Bxd2 Rae8 34.
Bc3 f6 35. f4 fxe5 36. Rxe5 Rxe5 37. Bxe5 Rd8 38. Rc2 Rd5 39. b4 Kf7 40. Kf2 h5
41. Ke3 Rd1 42. b5 Bxb5 43. Rc7+ Ke6 44. Rxg7 Bc6 45. Rg6+ Kf7 46. Rg5 Ke6 47.
g3 Be8 48. Bd4 Re1+ 49. Kd2 Rb1 50. f5+ Kd5 51. Bc3 Rb5 52. Rg7 Kc4 53. f6 Rd5+
54. Kc2 Ba4+ 55. Kb2 Rf5 56. Rxb7 Rf2+ 57. Ka3 Kxc3 58. Rc7+ Kd4 59. Kxa4 Rxf6
60. Kb4 Rf1 61. Rd7+ Ke4 62. Rd6 Rb1+ 63. Kc4 Rc1+ 64. Kb3 Rg1 65. Rxa6 Rxg3+
66. Kc4 Kf5 67. Rd6 Ra3 68. Rd5+ Kg4 69. Rd4+ Kf5 70. Kb5 Ke5 71. Ra4 Rb3+ 72.
Rb4 Ra3 73. a6 1-0

[Event "8. Nordic Cup"]
[Site "Gluecksburg"]
[Date "1977.??.??"]
[Round "1.4"]
[White "Kristensen, Leif "]
[Black "Eising, Johannes "]
[Result "0-1"]
[WhiteElo "2220"]
[BlackElo "2390"]
[PlyCount "94"]
[EventDate "1977.??.??"]
[EventType "team"]
[EventCountry "GER"]
[WhiteTeam "Danmark"]
[BlackTeam "Vesttyskland"]
[WhiteTeamCountry "DEN"]
[BlackTeamCountry "GER"]

1. e4 c5 2. c3 Nf6 3. e5 Nd5 4. d4 cxd4 5. Nf3 e6 6. cxd4 d6 7. a3 Be7 8. Bd3
Bd7 9. O-O Bc6 10. Nc3 Nd7 11. Re1 dxe5 12. Nxd5 Bxd5 13. Nxe5 O-O 14. Bf4 Rc8
15. Re3 f5 16. Nxd7 Qxd7 17. Be5 Bf6 18. Re2 Bxe5 19. dxe5 Rfd8 20. Bc2 Qb5 21.
Rd2 Qxb2 22. Bxf5 Qxe5 23. Bh3 Rc4 24. Rb1 Rdc8 25. g3 R8c7 26. Bg2 Bxg2 27.
Rd8+ Kf7 28. Kxg2 Qe4+ 29. Kh3 R4c5 30. Rb4 Qf5+ 31. Kg2 Rd5 32. Qe2 Rxd8 33.
Rf4 Qxf4 34. gxf4 g6 35. Qe5 Re7 36. Kg3 Rd5 37. Qe3 b6 38. Kg4 Rc7 39. h4 Rcd7
40. Qe4 Re7 41. Qa4 Rc7 42. Qb3 Kg7 43. Qb2+ Kh6 44. h5 Rxh5 45. Qf6 Rf5 46.
Qxe6 Rcf7 47. Kg3 Rxf4 0-1

[Event "8. Nordic Cup"]
[Site "Gluecksburg"]
[Date "1977.??.??"]
[Round "2.1"]
[White "Rath, Ulrik "]
[Black "Oegaard, Leif "]
[Result "1/2-1/2"]
[WhiteElo "2420"]
[BlackElo "2420"]
[PlyCount "42"]
[EventDate "1977.??.??"]
[EventType "team"]
[EventCountry "GER"]
[WhiteTeam "Danmark"]
[BlackTeam "Norge"]
[WhiteTeamCountry "DEN"]
[BlackTeamCountry "NOR"]

1. d4 Nf6 2. c4 e6 3. Nf3 b6 4. g3 Bb7 5. Bg2 Be7 6. O-O O-O 7. Nc3 Ne4 8. Nxe4
Bxe4 9. Ne1 Bxg2 10. Nxg2 d5 11. cxd5 exd5 12. Nf4 Qd7 13. Qb3 c6 14. Be3 Qb7
15. Rac1 Nd7 16. Nd3 Rfc8 17. Rfd1 Bd6 18. Bf4 Bxf4 19. Nxf4 Rc7 20. Rc2 Rd8
21. Rdc1 Nf6 1/2-1/2

[Event "8. Nordic Cup"]
[Site "Gluecksburg"]
[Date "1977.??.??"]
[Round "2.2"]
[White "Helmers, Knut Jaran"]
[Black "Mortensen, Erling "]
[Result "1/2-1/2"]
[WhiteElo "2305"]
[BlackElo "2355"]
[PlyCount "99"]
[EventDate "1977.??.??"]
[EventType "team"]
[EventCountry "GER"]
[WhiteTeam "Norge"]
[BlackTeam "Danmark"]
[WhiteTeamCountry "NOR"]
[BlackTeamCountry "DEN"]

1. d4 Nf6 2. Nf3 c5 3. g3 cxd4 4. Nxd4 d5 5. Bg2 e5 6. Nb3 Nc6 7. Bg5 Be6 8.
O-O Be7 9. Nc3 d4 10. Bxf6 gxf6 11. Ne4 Qb6 12. c3 f5 13. Ned2 dxc3 14. bxc3
O-O 15. Nf3 Bf6 16. Rb1 Rad8 17. Qc1 Qc7 18. Qh6 Qe7 19. Qh5 b6 20. Nfd2 Qc7
21. e4 Ne7 22. Nf3 fxe4 23. Ng5 Bxg5 24. Qxg5+ Ng6 25. Bxe4 f6 26. Qh6 Qg7 27.
Qxg7+ Kxg7 28. Rfc1 Rc8 29. Bd3 Rc7 30. Ba6 Bc8 31. Be2 Be6 32. Ba6 Bc8 33. Be2
Bf5 34. Rb2 Rfc8 35. Ba6 Rd8 36. Rd2 Rxd2 37. Nxd2 Ne7 38. Bc4 Nc6 39. Nb3 Kf8
40. Bd5 Ke7 41. Kf1 Nd8 42. Ke2 Nb7 43. f3 Nd6 44. c4 Be6 45. Bxe6 Kxe6 46. c5
bxc5 47. Rxc5 Rxc5 48. Nxc5+ Kd5 49. Nd7 Ke6 50. Nc5+ 1/2-1/2

[Event "8. Nordic Cup"]
[Site "Gluecksburg"]
[Date "1977.??.??"]
[Round "2.3"]
[White "Bang, Erik "]
[Black "Wibe, Terje Paul"]
[Result "0-1"]
[WhiteElo "2275"]
[BlackElo "2405"]
[PlyCount "54"]
[EventDate "1977.??.??"]
[EventType "team"]
[EventCountry "GER"]
[WhiteTeam "Danmark"]
[BlackTeam "Norge"]
[WhiteTeamCountry "DEN"]
[BlackTeamCountry "NOR"]

1. Nf3 Nf6 2. g3 g6 3. Bg2 Bg7 4. O-O O-O 5. c4 c6 6. Nc3 d6 7. d4 Nbd7 8. Qc2
e5 9. Rd1 Re8 10. e4 a5 11. b3 Qc7 12. h3 b5 13. dxe5 dxe5 14. Bf1 Ba6 15. Be3
Bf8 16. cxb5 cxb5 17. Qb2 b4 18. Nd5 Nxd5 19. exd5 Bxf1 20. Kxf1 e4 21. Nd2 Bg7
22. Rac1 Qb7 23. Qb1 Nf6 24. Rc4 Nxd5 25. Nxe4 f5 26. Nd6 Nxe3+ 27. fxe3 Qf3+
0-1

[Event "8. Nordic Cup"]
[Site "Gluecksburg"]
[Date "1977.??.??"]
[Round "2.4"]
[White "Hoen, Ragnar"]
[Black "Kristensen, Leif "]
[Result "1/2-1/2"]
[WhiteElo "2380"]
[BlackElo "2220"]
[PlyCount "42"]
[EventDate "1977.??.??"]
[EventType "team"]
[EventCountry "GER"]
[WhiteTeam "Norge"]
[BlackTeam "Danmark"]
[WhiteTeamCountry "NOR"]
[BlackTeamCountry "DEN"]

1. e4 c5 2. Nf3 Nc6 3. d4 cxd4 4. Nxd4 Nf6 5. Nc3 e5 6. Ndb5 d6 7. a4 a6 8. Na3
h6 9. Be3 Be6 10. Nc4 d5 11. exd5 Nxd5 12. Nxd5 Qxd5 13. Qxd5 Bxd5 14. O-O-O
Be6 15. Nb6 Rd8 16. Rxd8+ Nxd8 17. Bc4 Bd6 18. Rd1 Ke7 19. Rd3 Nc6 20. Bxe6
Kxe6 21. Nc4 Rd8 1/2-1/2

[Event "8. Nordic Cup"]
[Site "Gluecksburg"]
[Date "1977.??.??"]
[Round "3.1"]
[White "Ornstein, Axel "]
[Black "Rath, Ulrik "]
[Result "1-0"]
[WhiteElo "2440"]
[BlackElo "2420"]
[PlyCount "77"]
[EventDate "1977.??.??"]
[EventType "team"]
[EventCountry "GER"]
[WhiteTeam "Sverige"]
[BlackTeam "Danmark"]
[WhiteTeamCountry "SWE"]
[BlackTeamCountry "DEN"]

1. c4 Nf6 2. Nc3 e5 3. Nf3 Nc6 4. d3 Bb4 5. Bd2 O-O 6. e3 Re8 7. Be2 d6 8. O-O
a5 9. b3 d5 10. cxd5 Nxd5 11. Nxd5 Qxd5 12. a3 Bf8 13. Bc3 Bg4 14. Qc2 Rad8 15.
Qb2 Kh8 16. b4 axb4 17. axb4 b5 18. Rfc1 f6 19. Be1 Ra8 20. h3 Be6 21. Ng5 Rxa1
22. Qxa1 Nxb4 23. Nxe6 Qxe6 24. Qa5 Qa2 25. Bxb4 Qxe2 26. Qxb5 Rd8 27. Bxf8
Rxf8 28. Qd7 Rg8 29. g3 c5 30. Kg2 Qa2 31. Rxc5 h6 32. Rc7 Qe2 33. Qf5 Rd8 34.
Qg6 Rg8 35. Rf7 Qb2 36. g4 Qb6 37. g5 Qc6+ 38. Kg3 Qd6 39. gxf6 1-0

[Event "8. Nordic Cup"]
[Site "Gluecksburg"]
[Date "1977.??.??"]
[Round "3.2"]
[White "Mortensen, Erling "]
[Black "Kaiszauri, Konstanty "]
[Result "1-0"]
[WhiteElo "2355"]
[BlackElo "2385"]
[PlyCount "95"]
[EventDate "1977.??.??"]
[EventType "team"]
[EventCountry "GER"]
[WhiteTeam "Danmark"]
[BlackTeam "Sverige"]
[WhiteTeamCountry "DEN"]
[BlackTeamCountry "SWE"]

1. c4 e5 2. Nc3 Nf6 3. Nf3 Nc6 4. d3 g6 5. g3 Bg7 6. Bg2 d6 7. O-O O-O 8. Rb1
a5 9. Bg5 h6 10. Bxf6 Bxf6 11. a3 Ne7 12. b4 axb4 13. axb4 Bg7 14. Nd2 c6 15.
Qc2 Be6 16. b5 Qc7 17. Ra1 d5 18. bxc6 bxc6 19. Ra4 f5 20. Rfa1 Rxa4 21. Rxa4
e4 22. e3 exd3 23. Qxd3 dxc4 24. Nxc4 Rd8 25. Qc2 Nd5 26. Ne2 c5 27. Nf4 Nxf4
28. gxf4 Qd7 29. Bf3 g5 30. fxg5 hxg5 31. Be2 Qf7 32. Na5 Be5 33. Nc6 Bxh2+ 34.
Kxh2 Qc7+ 35. Kg1 Qxc6 36. Ra6 Qd5 37. Rxe6 Qxe6 38. Bc4 Rd5 39. Qb3 Kg7 40.
Bxd5 Qe7 41. Qb7 Qxb7 42. Bxb7 Kf6 43. f4 c4 44. Ba6 c3 45. Bd3 Kg6 46. Kf2 Kf6
47. Kg3 Kg6 48. fxg5 1-0

[Event "8. Nordic Cup"]
[Site "Gluecksburg"]
[Date "1977.??.??"]
[Round "3.3"]
[White "Jansson, Boerje "]
[Black "Bang, Erik "]
[Result "1-0"]
[WhiteElo "2380"]
[BlackElo "2275"]
[PlyCount "103"]
[EventDate "1977.??.??"]
[EventType "team"]
[EventCountry "GER"]
[WhiteTeam "Sverige"]
[BlackTeam "Danmark"]
[WhiteTeamCountry "SWE"]
[BlackTeamCountry "DEN"]

1. Nf3 Nf6 2. c4 e6 3. g3 d5 4. Bg2 Be7 5. O-O O-O 6. d4 Nbd7 7. Qc2 c6 8. b3
b5 9. c5 Ne4 10. Nbd2 f5 11. Bb2 a5 12. a3 Qe8 13. b4 a4 14. Nxe4 fxe4 15. Ne5
Nxe5 16. dxe5 Ra7 17. f3 exf3 18. exf3 Bd8 19. h4 g5 20. hxg5 Bxg5 21. f4 Bh6
22. Rf3 Qg6 23. Qf2 Raf7 24. Kh2 Bg5 25. Rg1 Bd7 26. Rf1 Bh6 27. Bh3 Bg7 28. g4
Qe4 29. Kg3 Kh8 30. Bg2 Qg6 31. Rh1 Rg8 32. Rh4 Bf8 33. f5 Qg5 34. f6 h5 35.
Kh2 Rh7 36. gxh5 Be8 37. Rfh3 Bxh5 38. Bf1 Bg6 39. Rxh7+ Bxh7 40. Bd3 Bh6 41.
f7 Rf8 42. Bc1 Qxe5+ 43. Kh1 Be4+ 44. Bxe4 Qxe4+ 45. Kh2 Rxf7 46. Rxh6+ Kg8 47.
Qg3+ Rg7 48. Qb8+ Kf7 49. Qc7+ Kg8 50. Qd8+ Kf7 51. Qd7+ Kg8 52. Qe8# 1-0

[Event "8. Nordic Cup"]
[Site "Gluecksburg"]
[Date "1977.??.??"]
[Round "3.5"]
[White "Dahlin, Jolanta"]
[Black "Hoiberg, Nina "]
[Result "1-0"]
[WhiteElo "2125"]
[BlackElo "1950"]
[PlyCount "131"]
[EventDate "1977.??.??"]
[EventType "team"]
[EventCountry "GER"]
[WhiteTeam "Sverige"]
[BlackTeam "Danmark"]
[WhiteTeamCountry "SWE"]
[BlackTeamCountry "DEN"]

1. e4 e5 2. Nc3 Nf6 3. g3 d6 4. Bg2 Nc6 5. Nge2 Be7 6. d4 exd4 7. Nxd4 Bd7 8.
O-O Qc8 9. Re1 Bg4 10. f3 Bh3 11. Nxc6 bxc6 12. e5 dxe5 13. Rxe5 Be6 14. f4 Qd7
15. Qxd7+ Kxd7 16. f5 Bc4 17. Bg5 Bd6 18. Bxf6 gxf6 19. Ra5 Rab8 20. Ra4 Bb5
21. Rh4 Be5 22. Rd1+ Ke7 23. a4 Ba6 24. Bxc6 Bc8 25. Nd5+ Kf8 26. Ne3 Kg7 27.
b3 Rb6 28. Bg2 Re8 29. Nc4 Rb8 30. Nxe5 fxe5 31. f6+ Kxf6 32. Rxh7 Bf5 33. Rh6+
Bg6 34. Be4 Kg5 35. Rh4 f5 36. Bd3 Rbd8 37. Rc4 e4 38. Be2 Rxd1+ 39. Bxd1 Rd8
40. Be2 Rd2 41. h4+ Kh6 42. Kf1 Rd7 43. Kf2 Bf7 44. Rc6+ Kg7 45. Ke3 Bd5 46.
Ra6 c5 47. Ra5 Rc7 48. b4 Kf6 49. Rxc5 Rxc5 50. bxc5 Ke5 51. a5 Bc6 52. Bc4 Ba4
53. c3 Be8 54. Bb3 Bd7 55. Bf7 Bc6 56. c4 Bd7 57. Bd5 Bc8 58. c6 Ba6 59. h5 Bc8
60. h6 Kf6 61. g4 fxg4 62. h7 Kg7 63. Bxe4 Kh8 64. Kf4 Kg7 65. c7 Kh8 66. a6
1-0

[Event "8. Nordic Cup"]
[Site "Gluecksburg"]
[Date "1977.??.??"]
[Round "4.1"]
[White "Rantanen, Yrjo "]
[Black "Rath, Ulrik "]
[Result "1/2-1/2"]
[WhiteElo "2400"]
[BlackElo "2420"]
[PlyCount "123"]
[EventDate "1977.??.??"]
[EventType "team"]
[EventCountry "GER"]
[WhiteTeam "Finland"]
[BlackTeam "Danmark"]
[WhiteTeamCountry "FIN"]
[BlackTeamCountry "DEN"]

1. e4 e5 2. Nf3 Nc6 3. Bb5 a6 4. Ba4 d6 5. O-O Bg4 6. h3 Bd7 7. d4 b5 8. Bb3
Nxd4 9. Nxd4 exd4 10. c3 d3 11. Qxd3 Nf6 12. Qg3 Nh5 13. Qf3 Nf6 14. Re1 Be7
15. Nd2 O-O 16. Nf1 Be6 17. Bf4 Bxb3 18. axb3 Nd7 19. Rad1 Re8 20. Ne3 Bg5 21.
Nf5 Qf6 22. Bxg5 Qxg5 23. b4 g6 24. Ne3 Nf6 25. g3 h5 26. Kg2 Kg7 27. Rd4 Qe5
28. Qd1 Re7 29. Nd5 Nxd5 30. Rxd5 Qf6 31. Re3 Kg8 32. Qf3 Qxf3+ 33. Kxf3 Rae8
34. Rd1 Kf8 35. h4 Re6 36. Ra1 Ra8 37. Ke2 Ke7 38. Kd3 c5 39. bxc5 dxc5 40. Ra5
Rd8+ 41. Kc2 Red6 42. Re2 c4 43. Ra1 Ke6 44. Ra5 f6 45. Ra1 R8d7 46. Ra5 Ke7
47. e5 fxe5 48. Rxe5+ Kf6 49. Re2 Kf5 50. f3 Rd3 51. Rxa6 Rxf3 52. Rb6 Rd5 53.
Rg2 Rf1 54. b3 cxb3+ 55. Kxb3 Rb1+ 56. Kc2 Rf1 57. Rd2 Rxd2+ 58. Kxd2 Rf2+ 59.
Ke3 Rb2 60. Rc6 b4 61. Rc5+ Kf6 62. cxb4 1/2-1/2

[Event "8. Nordic Cup"]
[Site "Gluecksburg"]
[Date "1977.??.??"]
[Round "4.2"]
[White "Mortensen, Erling "]
[Black "Raaste, Eero "]
[Result "1-0"]
[WhiteElo "2355"]
[BlackElo "2275"]
[PlyCount "81"]
[EventDate "1977.??.??"]
[EventType "team"]
[EventCountry "GER"]
[WhiteTeam "Danmark"]
[BlackTeam "Finland"]
[WhiteTeamCountry "DEN"]
[BlackTeamCountry "FIN"]

1. c4 Nf6 2. Nf3 c5 3. Nc3 e6 4. e3 d5 5. d4 Nc6 6. cxd5 exd5 7. Be2 Be7 8. O-O
O-O 9. b3 Bf5 10. Bb2 Rc8 11. Rc1 cxd4 12. Nxd4 Bg6 13. Nxc6 bxc6 14. Ba6 Rc7
15. Na4 Bd6 16. Nc5 Qe7 17. Bd4 Ne4 18. b4 f5 19. f4 Be8 20. a3 h6 21. Qc2 Kh7
22. Bd3 Rg8 23. Nb3 g6 24. Bxe4 fxe4 25. Bc5 Rg7 26. Bxd6 Qxd6 27. Qc5 Qf6 28.
Qd4 Qf5 29. Rc5 g5 30. Qd2 gxf4 31. Rxf4 Qg6 32. Rc1 Rcf7 33. Rcf1 Rxf4 34.
Rxf4 Rf7 35. Rxf7+ Qxf7 36. Qf2 Qe7 37. Qf4 Kg7 38. Nd4 Bg6 39. Nxc6 Qd7 40.
Qe5+ Kf7 41. Nd4 1-0

[Event "8. Nordic Cup"]
[Site "Gluecksburg"]
[Date "1977.??.??"]
[Round "4.3"]
[White "Kivipelto, Kaj Erik "]
[Black "Bang, Erik "]
[Result "1/2-1/2"]
[WhiteElo "2370"]
[BlackElo "2275"]
[PlyCount "36"]
[EventDate "1977.??.??"]
[EventType "team"]
[EventCountry "GER"]
[WhiteTeam "Finland"]
[BlackTeam "Danmark"]
[WhiteTeamCountry "FIN"]
[BlackTeamCountry "DEN"]

1. c4 c5 2. Nc3 g6 3. Nf3 Bg7 4. d4 cxd4 5. Nxd4 Nc6 6. Nc2 d6 7. e4 Nf6 8. Be2
Nd7 9. O-O Nc5 10. f3 O-O 11. Be3 Be6 12. Qd2 Rc8 13. Rab1 a6 14. b4 Nd7 15.
Nd5 f5 16. Nf4 Bf7 17. exf5 gxf5 18. Nd5 Nce5 1/2-1/2

[Event "8. Nordic Cup"]
[Site "Gluecksburg"]
[Date "1977.??.??"]
[Round "4.4"]
[White "Kristensen, Leif "]
[Black "Ristoja, Thomas "]
[Result "1/2-1/2"]
[WhiteElo "2220"]
[BlackElo "2300"]
[PlyCount "54"]
[EventDate "1977.??.??"]
[EventType "team"]
[EventCountry "GER"]
[WhiteTeam "Danmark"]
[BlackTeam "Finland"]
[WhiteTeamCountry "DEN"]
[BlackTeamCountry "FIN"]

1. e4 c5 2. Nf3 e6 3. c3 d5 4. exd5 exd5 5. d4 Nc6 6. Bb5 Bd6 7. O-O Nge7 8.
dxc5 Bxc5 9. Nbd2 O-O 10. Nb3 Bd6 11. Nbd4 Bg4 12. Be2 Qd7 13. Be3 Rfe8 14. Re1
Rad8 15. Qd2 Ng6 16. Rad1 Bb8 17. Qc1 h6 18. Qc2 Qd6 19. Nf5 Qc7 20. Ng3 Nf4
21. Bxf4 Qxf4 22. h3 Bc8 23. Qd2 Qf6 24. Nd4 Ne5 25. Bb5 Rf8 26. Ba4 Nc4 27.
Qe2 g6 1/2-1/2

[Event "8. Nordic Cup"]
[Site "Gluecksburg"]
[Date "1977.??.??"]
[Round "4.5"]
[White "Vuorenpaa-Landry, Sirkka Liisa "]
[Black "Hoiberg, Nina "]
[Result "0-1"]
[WhiteElo "1960"]
[BlackElo "1950"]
[PlyCount "52"]
[EventDate "1977.??.??"]
[EventType "team"]
[EventCountry "GER"]
[WhiteTeam "Finland"]
[BlackTeam "Danmark"]
[WhiteTeamCountry "FIN"]
[BlackTeamCountry "DEN"]

1. c4 e5 2. Nc3 d6 3. g3 Nc6 4. Bg2 Nf6 5. d3 Be7 6. Bd2 O-O 7. Rc1 a6 8. a3
Bd7 9. Nf3 Qc8 10. O-O Bh3 11. Bxh3 Qxh3 12. Nd5 Ng4 13. Ne3 f5 14. Nxg4 fxg4
15. Ng5 Bxg5 16. Bxg5 Rf5 17. Qd2 h6 18. Bh4 g5 19. c5 Nd4 20. Qe3 Nf3+ 21.
exf3 gxf3 22. Qxf3 Rxf3 23. Bxg5 hxg5 24. cxd6 Kg7 25. Rxc7+ Kg6 26. Rxb7 Rh8
0-1

[Event "8. Nordic Cup"]
[Site "Gluecksburg"]
[Date "1977.??.??"]
[Round "5.1"]
[White "Rath, Ulrik "]
[Black "Sigurjonsson, Gudmundur "]
[Result "1/2-1/2"]
[WhiteElo "2420"]
[BlackElo "2520"]
[PlyCount "36"]
[EventDate "1977.??.??"]
[EventType "team"]
[EventCountry "GER"]
[WhiteTeam "Danmark"]
[BlackTeam "Island"]
[WhiteTeamCountry "DEN"]
[BlackTeamCountry "ISL"]

1. d4 Nf6 2. Nf3 g6 3. Bf4 Bg7 4. e3 d6 5. h3 O-O 6. Be2 c6 7. c3 Nbd7 8. Nbd2
b6 9. O-O Bb7 10. Bh2 c5 11. a4 a6 12. b4 Qc7 13. Qb3 cxb4 14. cxb4 Bd5 15. Qa3
Qb7 16. Rfc1 Rfc8 17. Rxc8+ Rxc8 18. Rc1 h6 1/2-1/2

[Event "8. Nordic Cup"]
[Site "Gluecksburg"]
[Date "1977.??.??"]
[Round "5.2"]
[White "Johannsson, Ingi Randver "]
[Black "Mortensen, Erling "]
[Result "0-1"]
[WhiteElo "2405"]
[BlackElo "2355"]
[PlyCount "56"]
[EventDate "1977.??.??"]
[EventType "team"]
[EventCountry "GER"]
[WhiteTeam "Island"]
[BlackTeam "Danmark"]
[WhiteTeamCountry "ISL"]
[BlackTeamCountry "DEN"]

1. e4 e5 2. Nf3 Nc6 3. Bb5 a6 4. Ba4 Nf6 5. O-O Be7 6. Re1 b5 7. Bb3 O-O 8. c3
d5 9. exd5 Nxd5 10. Nxe5 Nxe5 11. Rxe5 c6 12. d4 Bd6 13. Re1 Qh4 14. g3 Qh3 15.
Be3 Bg4 16. Qd3 Rae8 17. Nd2 Re6 18. a4 f5 19. Qf1 Qh5 20. f4 bxa4 21. Rxa4 Rb8
22. Bxd5 cxd5 23. Qg2 Qe8 24. Qxd5 Kh8 25. Nc4 Bxf4 26. gxf4 Rg6 27. Kh1 Qd7
28. Qg2 Bh3 0-1

[Event "8. Nordic Cup"]
[Site "Gluecksburg"]
[Date "1977.??.??"]
[Round "5.3"]
[White "Bang, Erik "]
[Black "Olafsson, Helgi "]
[Result "1-0"]
[WhiteElo "2275"]
[BlackElo "2385"]
[PlyCount "79"]
[EventDate "1977.??.??"]
[EventType "team"]
[EventCountry "GER"]
[WhiteTeam "Danmark"]
[BlackTeam "Island"]
[WhiteTeamCountry "DEN"]
[BlackTeamCountry "ISL"]

1. Nf3 Nf6 2. c4 g6 3. Nc3 Bg7 4. g3 O-O 5. Bg2 d5 6. cxd5 Nxd5 7. d4 Nc6 8.
O-O Nb6 9. d5 Na5 10. e4 c6 11. Re1 Nac4 12. Qb3 e6 13. dxc6 bxc6 14. e5 c5 15.
Bg5 Qc7 16. Nb5 Qb8 17. Be7 Bb7 18. Bxf8 Kxf8 19. Rac1 Bd5 20. Qc2 Nd7 21. Nc3
Bb7 22. Ne4 Ndxe5 23. Nxe5 Nxe5 24. Qxc5+ Kg8 25. Rcd1 a5 26. Qe7 Kh8 27. Ng5
Bxg2 28. Kxg2 Bf8 29. Qf6+ Bg7 30. Qe7 Bf8 31. Qf6+ Bg7 32. Nxf7+ Kg8 33. Rd8+
Qxd8 34. Qxd8+ Rxd8 35. Nxd8 Nc4 36. Rxe6 Nxb2 37. Re8+ Bf8 38. Ne6 Kf7 39.
Rxf8+ Kxe6 40. Re8+ 1-0

[Event "8. Nordic Cup"]
[Site "Gluecksburg"]
[Date "1977.??.??"]
[Round "5.4"]
[White "Asmundsson, Ingvar "]
[Black "Kristensen, Leif "]
[Result "1-0"]
[WhiteElo "2405"]
[BlackElo "2220"]
[PlyCount "63"]
[EventDate "1977.??.??"]
[EventType "team"]
[EventCountry "GER"]
[WhiteTeam "Island"]
[BlackTeam "Danmark"]
[WhiteTeamCountry "ISL"]
[BlackTeamCountry "DEN"]

1. e4 c5 2. Nf3 Nc6 3. Bb5 g6 4. O-O Bg7 5. Re1 Nf6 6. c3 O-O 7. d4 cxd4 8.
cxd4 d5 9. e5 Ne4 10. Nc3 Nxc3 11. bxc3 Na5 12. Ba3 Bg4 13. h3 Bxf3 14. Qxf3 a6
15. Bf1 Rc8 16. Rab1 Rc6 17. c4 dxc4 18. Rxb7 Re6 19. d5 Nxb7 20. dxe6 Qa5 21.
Bxe7 fxe6 22. Bxf8 Bxf8 23. Rb1 Nd8 24. Bxc4 Qxe5 25. Bxa6 Nf7 26. Bf1 Bd6 27.
g3 Ng5 28. Qe3 Qf5 29. Rb5 e5 30. Bg2 Kg7 31. Rb7+ Kf6 32. h4 1-0